Czy rozpoznasz modele Peugeota? - Statystyki

Ogólne statystyki
  • Ten quiz został rozwiązany 223 razy
  • Średni wynik to 14 z 33
Statystyki odpowiedzi
Obrazkowy Odpowiedź % Poprawnych
206
95%
307
82%
108
80%
308
69%
107
68%
2008
66%
407
64%
207
58%
208
57%
Boxer I
57%
Partner I
53%
205
52%
508
51%
406
50%
1007
47%
607
40%
306
38%
3008
35%
Boxer II
35%
301
30%
405
27%
5008
26%
807
21%
Partner II
21%
4007
19%
408
19%
Bipper Tepee
18%
4008
17%
309
16%
605
15%
Onyx
11%
Oxia
11%
907
10%
Nie znaleziono quizów pasujących do podanych kryteriów
Rozkład punktacji
Procent ludzi z każdym wynikiem
Percentyl według liczby udzielonych odpowiedzi
Twoja historia wyników
Nie rozwiązałeś tego quizu